Reciclaje : (Registro nro. 8851)

Detalles MARC
000 -CABECERA
Campo de control 01206nam a22002417a 4500
005 - FECHA Y HORA DE LA ULTIMA TRANSACCION
Campo de control 20141204085936.0
008 - ELEMENTOS DE LONGITUD FIJA—INFORMACION GENERAL
Campo de control 141128b2010 ck Il. |r|||| 00| 0 spa d
040 ## - FUENTE DE CATALOGACIÓN
Agencia transcriptora CO-BoIH
041 ## - IDIOMA
Código de idioma para texto/pista de sonido o título separado Español
044 ## - PAÍS DE PUBLICACIÓN
País de publicación Colombia
090 ## - CLASIFICACIÓN LOCAL
Colección EA
Consecutivo 00177
110 ## - ASIENTO PRINCIPAL--NOMBRE CORPORATIVO
Nombre corporativo o de jurisdicción como elemento de entrada Colombia
Unidad subordinad Corporación Autónoma Regional de la Orinoquia-Corporinoquia,
245 ## - MENCION DE TITULO
Título Reciclaje :
Parte restante del título Cartilla de educación básica que promueve el desarrollo empresarial de los casanareños - Una propuesta divertida para beneficio de todos
260 ## - PUBLICACION, DISTRIBUCION, ETC. (PIE DE IMPRENTA)
Lugar de publicación, distribución, etc. Casanare :
Nombre del editor, distribuidor, etc. Gobernación de Casanare,
-- Corporación Autónoma Regional de la Orinoquia-Corporinoquia,
Fecha de publicación, distribución, etc. 2010.
300 ## - DESCRIPCION FISICA
Extensión 21 pag
Otros detalles físicos Il.
Dimensiones 28 cm.
650 ## - ASIENTO SECUNDARIO DE MATERIA - TERMINO TEMATICO
Término temático o nombre geográfico como elemento de entrada Aprovechamiento de Residuos
Subdivisión general Ecología Industrial
Subdivisión geográfica Casanare (Dpt. Colombia)
650 ## - ASIENTO SECUNDARIO DE MATERIA - TERMINO TEMATICO
Término temático o nombre geográfico como elemento de entrada Industria del Reciclaje
Subdivisión general Aspectos Ambientales
Subdivisión geográfica Casanare (Dpt. Colombia)
650 #6 - ASIENTO SECUNDARIO DE MATERIA - TERMINO TEMATICO
Término temático o nombre geográfico como elemento de entrada Residuos Industriales
Subdivisión general Aprovechamiento
Subdivisión geográfica Casanare (Dpt. Colombia)
650 ## - ASIENTO SECUNDARIO DE MATERIA - TERMINO TEMATICO
Término temático o nombre geográfico como elemento de entrada Organización de la Comunidad
Subdivisión general Reciclaje
Subdivisión geográfica Casanare (Dpt. Colombia)
650 #6 - ASIENTO SECUNDARIO DE MATERIA - TERMINO TEMATICO
Término temático o nombre geográfico como elemento de entrada Contaminación
Subdivisión general Prevención
Subdivisión geográfica Casanare (Dpt. Colombia)
650 #4 - ASIENTO SECUNDARIO DE MATERIA - TERMINO TEMATICO
Término temático o nombre geográfico como elemento de entrada Reciclaje
Subdivisión general Enseñanza
Subdivisión geográfica Casanare (Dpt. Colombia)
942 ## - ELEMENTOS ADICIONALES (KOHA)
Sistema de clasificación Local
Tipo de ítem Libro
Existencias
Withdrawn status Lost status Sistema de Clasificación Damaged status No para préstamo Colección Inventariado Ubicación Permanente Ubicación actual Fecha de adquisición Fuente de Valor Valor Total Checkouts Número topográfico Inventario / Código de Barras Date last seen Ejemplar Price effective from Forma de adquisición Tipo de material
    Local     Educación Ambiental Inventariado 2017 Sala Fabio Quevedo Sala Fabio Quevedo 01/12/2014 Instituto 39000.00   EA-00177 034824 01/12/2014 Ej. 1 01/12/2014   Libro